00685nam a2200205Ia 4500003000900000008004100009020001800050040001600068080001500084100002400099245006100123260003500184300001700219490005100236650001900287650003200306942000700338999001500345952011900360IN-BaIIA211028s9999 xx 000 0 eng d a0-12-552550-8 cIIA Library a517.3bPES aPesin, Ivan N97296 0aClassical and modern integration theoriescIvan N. Pesin aNew YorkbAcademic Pressc1970 axviii, 195p. aProbability and Mathematical Statistics Series aNASA Thesaurus aTheory of integration97297 cBK c4147d4147 00104070aBANbBANcGENd1973-04-12g100.70l0o517.3/ PESp4628r2021-11-05v100.70w1973-04-12yBKGRs. 100.70